Estadísticas para Países que terminan en "Stan"

Haz click aquí para tomar la prueba!

Estadísticas generales

  • Esta prueba ha sido tomada 5.714 veces
  • La puntuación promedio es 6 de 7

Estadísticas de respuestas

País% Correcto
Pakistán
95%
Afganistán
94%
Kazajistán
93%
Uzbekistán
93%
Turkmenistán
92%
Kirguistán
89%
Tayikistán
88%

Distribución de puntuación

Porcentaje por número respondido

Porcentaje de gente con cada puntuación

Historial de tus puntuaciones

No has tomado esta prueba